Tayc-Vous deux - Statistiques

Statistiques générales
  • Ce quiz a été pris 31 fois
  • Le résultat moyen est 126 sur 217
Statistiques - réponses
Réponse % Correct
de
95%
te
95%
Vous
95%
vous
95%
beau
89%
deux
89%
et
89%
êtes
84%
tellement
84%
beaux
79%
à
68%
je
68%
nous
68%
Nous
68%
peu
68%
que
68%
tu
68%
un
68%
ensemble
63%
J'ai
63%
j'ai
63%
jour
63%
la
63%
63%
le
63%
maries
63%
moi
63%
pour
63%
serais
63%
si
63%
ce
58%
crois
58%
Dieu
58%
fort
58%
haut
58%
n'a
58%
rien
58%
Tayc
58%
toi
58%
visez
58%
bien
53%
bon
53%
c'est
53%
C'est
53%
dans
53%
devant
53%
me
53%
on
53%
pas
53%
Pourquoi
53%
pourquoi
53%
repenser
53%
sans
53%
voeu
53%
amour
47%
ça
47%
danserai
47%
déjà
47%
déteste
47%
fais
47%
mais
47%
marché
47%
ne
47%
ou
47%
plus
47%
prierai
47%
qui
47%
souffrir
47%
autre
42%
avec
42%
battre
42%
fasse
42%
fois
42%
j'attends
42%
j'suis
42%
j'vois
42%
lui
42%
mieux
42%
perdu
42%
première
42%
ses
42%
t'aime
42%
t'es
42%
trop
42%
belle
37%
bras
37%
Donc
37%
importe
37%
l'es
37%
l'important
37%
mon
37%
s'avouer
37%
souries
37%
vaincu
37%
vivre
37%
mal
32%
n'pouvait
32%
pourtant
32%
quand
32%
qu'tu
32%
soit
32%
sûrement
32%
T'étais
32%
allongée
26%
m'offrir
26%
nan
26%
veuille
26%
j'n'ai
21%
j'te
21%
j't'imagine
21%
promets
21%
Aucun quiz correspondant
Distribution des résultats
% des personnes avec chaque résultat
Percentile par nombre de réponses
Votre historique - résultats
Vous n’avez pas pris ce quiz